000 00571pam a2200217 a 4500
001 532865
005 20180313075637.0
008 870615s1988 maua b 001 0 eng
010 _a 87016098
020 _a0205110878
040 _aDLC
_cDLC
_dDLC
041 _aeng
080 _a658.85 MAR
082 0 0 _a658.85 MAR
_219
100 1 _a54
101 _aMEN
245 1 0 _aPersonal selling :
_cRonald B. Marks.
504 _aIncludes bibliographies and index.
906 _a7
_bcbc
_corignew
_d1
_eocip
_f19
_gy-gencatlg
942 _2ddc
_cBK
999 _c44885
_d44885